<?xml version="1.0" encoding="UTF-8"?>
<record
    xmlns:xsi="http://www.w3.org/2001/XMLSchema-instance"
    xsi:schemaLocation="http://www.loc.gov/MARC21/slim http://www.loc.gov/standards/marcxml/schema/MARC21slim.xsd"
    xmlns="http://www.loc.gov/MARC21/slim">

  <leader>00444nam a22001457a 4500</leader>
  <controlfield tag="003">OSt</controlfield>
  <controlfield tag="005">20150929163945.0</controlfield>
  <controlfield tag="008">150929b        xxu||||| |||| 00| 0 eng d</controlfield>
  <datafield tag="040" ind1=" " ind2=" ">
    <subfield code="c">RUA </subfield>
  </datafield>
  <datafield tag="082" ind1=" " ind2=" ">
    <subfield code="a">AGR HIE 2002 B061 Or.1 </subfield>
  </datafield>
  <datafield tag="100" ind1=" " ind2=" ">
    <subfield code="9">1576</subfield>
    <subfield code="a">HIEV KONG </subfield>
  </datafield>
  <datafield tag="245" ind1=" " ind2=" ">
    <subfield code="a">E'tude de l'influence des supplements d'huile ve'ge'tale dans l'alimentation des poulets de chair sur la cropissance,</subfield>
  </datafield>
  <datafield tag="300" ind1=" " ind2=" ">
    <subfield code="a">iii, 28p. </subfield>
    <subfield code="b">ill.</subfield>
    <subfield code="c">29cm.</subfield>
  </datafield>
  <datafield tag="942" ind1=" " ind2=" ">
    <subfield code="2">ddc</subfield>
    <subfield code="c">AGR</subfield>
  </datafield>
  <datafield tag="999" ind1=" " ind2=" ">
    <subfield code="c">1487</subfield>
    <subfield code="d">1487</subfield>
  </datafield>
  <datafield tag="952" ind1=" " ind2=" ">
    <subfield code="0">0</subfield>
    <subfield code="1">0</subfield>
    <subfield code="2">ddc</subfield>
    <subfield code="4">0</subfield>
    <subfield code="6">AGR_HIE_2002_000000000000000_B061_OR_1</subfield>
    <subfield code="7">0</subfield>
    <subfield code="9">6638</subfield>
    <subfield code="a">LBB</subfield>
    <subfield code="b">LBB</subfield>
    <subfield code="c">B061</subfield>
    <subfield code="d">2015-09-29</subfield>
    <subfield code="o">AGR HIE 2002 B061 Or.1</subfield>
    <subfield code="p">RUA006021</subfield>
    <subfield code="r">2015-09-29</subfield>
    <subfield code="w">2015-09-29</subfield>
    <subfield code="y">AGR</subfield>
  </datafield>
  <datafield tag="952" ind1=" " ind2=" ">
    <subfield code="0">0</subfield>
    <subfield code="1">0</subfield>
    <subfield code="2">ddc</subfield>
    <subfield code="4">0</subfield>
    <subfield code="6">AGR_HIE_2002_000000000000000_B061_OR_2</subfield>
    <subfield code="7">0</subfield>
    <subfield code="9">6639</subfield>
    <subfield code="a">LBB</subfield>
    <subfield code="b">LBB</subfield>
    <subfield code="c">B061</subfield>
    <subfield code="d">2015-09-29</subfield>
    <subfield code="o">AGR HIE 2002 B061 Or.2</subfield>
    <subfield code="p">RUA006020</subfield>
    <subfield code="r">2015-09-29</subfield>
    <subfield code="w">2015-09-29</subfield>
    <subfield code="y">AGR</subfield>
  </datafield>
  <datafield tag="952" ind1=" " ind2=" ">
    <subfield code="0">0</subfield>
    <subfield code="1">0</subfield>
    <subfield code="2">ddc</subfield>
    <subfield code="4">0</subfield>
    <subfield code="6">AGR_HIE_2002_000000000000000_B061_OR_4</subfield>
    <subfield code="7">0</subfield>
    <subfield code="9">6640</subfield>
    <subfield code="a">LBB</subfield>
    <subfield code="b">LBB</subfield>
    <subfield code="c">B061</subfield>
    <subfield code="d">2015-09-29</subfield>
    <subfield code="o">AGR HIE 2002 B061 Or.4</subfield>
    <subfield code="p">RUA(06975</subfield>
    <subfield code="r">2015-09-29</subfield>
    <subfield code="w">2015-09-29</subfield>
    <subfield code="y">AGR</subfield>
  </datafield>
  <datafield tag="952" ind1=" " ind2=" ">
    <subfield code="0">0</subfield>
    <subfield code="1">0</subfield>
    <subfield code="2">ddc</subfield>
    <subfield code="4">0</subfield>
    <subfield code="6">AGR_HIE_2002_000000000000000_B061_OR_5</subfield>
    <subfield code="7">0</subfield>
    <subfield code="9">6641</subfield>
    <subfield code="a">LBB</subfield>
    <subfield code="b">LBB</subfield>
    <subfield code="c">B061</subfield>
    <subfield code="d">2015-09-29</subfield>
    <subfield code="o">AGR HIE 2002 B061 Or.5</subfield>
    <subfield code="p">RUA006094</subfield>
    <subfield code="r">2015-09-29</subfield>
    <subfield code="w">2015-09-29</subfield>
    <subfield code="y">AGR</subfield>
  </datafield>
  <datafield tag="952" ind1=" " ind2=" ">
    <subfield code="0">0</subfield>
    <subfield code="1">0</subfield>
    <subfield code="2">ddc</subfield>
    <subfield code="4">0</subfield>
    <subfield code="6">AGR_HIE_2002_000000000000000_B061_OR_6</subfield>
    <subfield code="7">0</subfield>
    <subfield code="9">6642</subfield>
    <subfield code="a">LBB</subfield>
    <subfield code="b">LBB</subfield>
    <subfield code="c">B061</subfield>
    <subfield code="d">2015-09-29</subfield>
    <subfield code="o">AGR HIE 2002 B061 Or.6</subfield>
    <subfield code="p">RUA006024</subfield>
    <subfield code="r">2015-09-29</subfield>
    <subfield code="w">2015-09-29</subfield>
    <subfield code="y">AGR</subfield>
  </datafield>
  <datafield tag="952" ind1=" " ind2=" ">
    <subfield code="0">0</subfield>
    <subfield code="1">0</subfield>
    <subfield code="2">ddc</subfield>
    <subfield code="4">0</subfield>
    <subfield code="6">AGR_HIE_2002_000000000000000_B061_OR_3</subfield>
    <subfield code="7">0</subfield>
    <subfield code="9">6643</subfield>
    <subfield code="a">LBB</subfield>
    <subfield code="b">LBB</subfield>
    <subfield code="c">B061</subfield>
    <subfield code="d">2015-09-29</subfield>
    <subfield code="o">AGR HIE 2002 B061 Or.3</subfield>
    <subfield code="p">RUA006022</subfield>
    <subfield code="r">2015-09-29</subfield>
    <subfield code="w">2015-09-29</subfield>
    <subfield code="y">AGR</subfield>
  </datafield>
</record>
